00461nam a2200157Ia 4500008004100000082001000041100002600051245003800077250000600115260004600121300000800167600002600175630003800201700002600239730003800265090124s9999 xx 000 0 und d b36237 aMAJUMDER BIMAN BEHARI aPOLITICAL SCIENCE AND GOVERNMENT  a0 bMONDOL BROTHERS AND COMPANY LIMITEDc1941 a652 aMAJUMDER BIMAN BEHARI aPOLITICAL SCIENCE AND GOVERNMENT  aMAJUMDER BIMAN BEHARI aPOLITICAL SCIENCE AND GOVERNMENT